| 000 | 00608nam a2200205 i 4500 | ||
|---|---|---|---|
| 001 | bg | ||
| 245 | 0 | 0 |
_aFinanse firmy / _cpod red. Jacek Kowalczyk ; aut. Tomasz Górczak [et al.]. |
| 260 |
_aWarszawa : _bWydawnictwo Międzynarodowej Szkoły Zarządzania, _c1993. |
||
| 300 |
_a135 s. : _bil. ; _c24 cm. |
||
| 504 | _aBibliogr. s. 135. | ||
| 650 | 4 |
_aPrzedsiębiorstwo _xfinanse |
|
| 700 | 1 |
_aKowalczyk, Jacek _c(finanse). _eRed. |
|
| 700 | 1 | _aGórczak, Tomasz. | |
| 040 | _cBPK | ||
| 041 | 0 | _apol | |
| 044 | _aPOL | ||
| 080 | _a658.14/.17 | ||
| 942 | _cKS | ||
| 008 | 110411s1993 pl a |000 0 pol | ||
| 999 |
_c49672 _d49672 |
||
| 856 |
_uhttp://koha.tu.koszalin.pl/cgi-bin/koha/opac-detail.pl?biblionumber=49672 _yKatalog online BPK |
||